书目信息 |
| 题名: |
通信电子电路
|
|
| 作者: | 于洪珍 编著 | |
| 分册: | ||
| 出版信息: | 北京 电子工业出版社 2002.08 |
|
| 页数: | 284页 | |
| 开本: | 26cm | |
| 丛书名: | ||
| 单 册: | ||
| 中图分类: | TN710 | |
| 科图分类: | ||
| 主题词: | 电子电路 | |
| 电子资源: | ||
| ISBN: | 7-5053-7879-1 | |
| 000 | 00534nam0 2200193 45 | |
| 001 | 0459212073 | |
| 005 | 20071217153851.46 | |
| 010 | @a7-5053-7879-1@dCNY 25.00 | |
| 100 | @a20040921d2002 km y0chiy0120 ea | |
| 101 | 0 | @achi |
| 102 | @aCN@b110000 | |
| 200 | 1 | @a通信电子电路@ATong Xin Dian Zi Dian Lu@f于洪珍编著@FYu Hong Zhen Bian Zhu |
| 210 | @a北京@c电子工业出版社@d2002.08 | |
| 215 | @a284页@d26cm | |
| 606 | 0 | @a电子电路 |
| 690 | @aTN710@v4 | |
| 701 | 0 | @a于洪珍@AYu Hong Zhen@4编著 |
| 801 | 0 | @aCN@c20071217 |
| 905 | @dTN710@eY714 | |
| 通信电子电路/于洪珍编著.-北京:电子工业出版社,2002.08 |
| 284页;26cm |
| ISBN 7-5053-7879-1:CNY 25.00 |
| ● |
| 相关链接 |
|
|
|
正题名:通信电子电路
索取号:TN710/Y714
 
预约/预借
| 序号 | 登录号 | 条形码 | 馆藏地/架位号 | 状态 | 备注 |
| 1 | 395255 | 203952552 | 自科二线404/301自科库 23排1列5层/ [索取号:TN710/Y714] | 在馆 | |
| 2 | 395256 | 203952561 | 自科二线404/301自科库 23排1列5层/ [索取号:TN710/Y714] | 在馆 | |
| 3 | 450665 | 204506659 | 自科二线404/301自科库 23排1列5层/ [索取号:TN710/Y714] | 在馆 | |
| 4 | 450666 | 204506668 | 自科二线404/301自科库 23排1列5层/ [索取号:TN710/Y714] | 在馆 | |
| 5 | 450667 | 204506677 | 自科库301/301自科库 30排4列1层/ [索取号:TN710/Y714] | 在馆 | |
| 6 | 450668 | 204506686 | 自科二线404/301自科库 23排1列5层/ [索取号:TN710/Y714] | 在馆 | |
| 7 | 450669 | 204506695 | 自科库301/301自科库 30排4列1层/ [索取号:TN710/Y714] | 在馆 |